| 000 | 00952nas a2200313 4500 | ||
|---|---|---|---|
| 001 | BR2013010374 | ||
| 003 | BR-BrBNA | ||
| 005 | 20231205123441.0 | ||
| 007 | ta | ||
| 008 | 230509b bl.|||p| |||| 00| 00por d | ||
| 040 |
_aBR-BrBNA _bpor _cBiblioteca Nacional de Agricultura |
||
| 041 | _a(En) | ||
| 072 | _aF01 | ||
| 100 | 1 | _aLudwig, F. | |
| 100 | 1 | _aFernandes, D.M. | |
| 100 | 1 | _aMota, P.R.D. | |
| 100 | 1 | _aVillas Boas, R.L. | |
| 245 | 1 | _aElectrical conductivity and pH of the substrate solution in gerbera cultivars under fertigation | |
| 650 | _aGERBERA | ||
| 650 | _aGERBERA JAMESONII | ||
| 650 | _aPRODUÇÃO | ||
| 650 | _aSOLUÇÃO NUTRITIVA | ||
| 650 | _aFLORICULTURA | ||
| 650 | _aCONDUTIVIDADE ELÉTRICA | ||
| 650 | _aFERTIRRIGAÇÃO | ||
| 773 | 0 |
_tHorticultura Brasileira (Brazil) _xISSN 0102-0536 _g(Jul-Sep 2013), v. 31(3) p. 356-360 _wBR2013010374 |
|
| 909 |
_a202311 _bLúcia _c55 _dLúcia Elande |
||
| 942 |
_2AGRIS _n0 _cANA |
||
| 999 |
_c233931 _d233931 |
||